000 01566nam a2200409Ii 4500
001 DIGMECD0273
003 NyNyDIG
007 cr |||||||||||
008 221211s2017 sp a o 000 0 spa d
006 m o d
035 _a(OCoLC)1356297804
040 _aDGITA
_beng
_erda
_epn
_cDGITA
020 _a9788436958393
_qeBook
024 7 _a030-17-284-7
_qe-NIPO
_2nipo
_qMECD
050 1 4 _aHF5438.4 ebook
110 2 _aK2 Partnering Solutions,
_eauthor.
245 1 0 _aDesarrollador Salesforce /
_cK2 Partnering Solutions ; edición y maquetación de contenidos, Pilar Coronel Romero.
264 1 _a[España] :
_bMinisterio de Educación, Cultura y Deporte,
_c[2017]
300 _a1 online resource :
_billustrations.
336 _atext
_btxt
_2rdacontent
337 _acomputer
_bc
_2rdamedia
338 _aonline resource
_bcr
_2rdacarrier
347 _atext file
_2rdaft
347 _bEPUB
490 1 _aColección Aula mentor.
_aSerie Salesforce
500 _a"CamSS, SGALV"--Cover.
588 0 _aOnline resource; title from ePub title page (Digitalia, viewed December 11, 2022)
650 0 _aSales management.
650 0 _aApplication software.
700 1 _aCoronel Romero, Pilar,
_eeditor.
791 2 _aDigitalia (Firm),
_edistributor.
793 0 _gDigitalia eBook Collection:
_aMinisterio de Educación, Cultura y Deporte de España
830 0 _aColeccíón Aula mentor.
_pSerie Salesforce.
856 4 0 _3Digitalia Hispánica
_uhttps://www.digitaliapublishing.com/a/60359/
910 _aPremium collection: 2022
942 _cRAA
999 _c256856
_d256856